00764cam a2200181 a 450000500170000000800390001702000180005604000510007404100080012524501450013326000600027830000500033850400530038865000280044165000510046970000300052070000320055020140903175021.0060725s2007 xxud fr 001 0 eng a9781405132367 aCO-BoUCMbspacJose A. GerenadDiana Londoño aeng04aThe globalization and development readerbperspectives on development and global changeceditado por J. Timmons Roberts and Amy Bellone Hite aMalden (Massachusetts, Estados Unidos)bBlackwellc2007 axiv, 450 páginasbilustraciones, gráficas aIncluye referencias bibliográficas e índices 7aDesarrollo económico  7aPaíses en desarrolloxDesarrollo económico1 aHite, Amy Belloneeeditor1 aRoberts, J. Timmonseeditor